00442 a2200133 4500008004100000020001800041082001700059100002400076245008800100250001200188260004700200300001800247650004300265210419b ||||| |||| 00| 0 eng d a978140808846300a658.72bW396 aWeele, Arjan J. Van aPurchasing and supply chain management: analysis, strategy, planning and practice / a6th ed. aUnited Kingdom:bCengage Learning,cc2014. axxvii, 438 p. 0aPurchasing and Supply Chain Management